| 000 | 01391nam a2200289 a 4500 | ||
|---|---|---|---|
| 003 | DO-SdBNP | ||
| 005 | 20220627095453.0 | ||
| 007 | ta | ||
| 008 | 220623e2019 dr adb|| f||| 001 0 spa d | ||
| 020 | _a9789945220087 | ||
| 040 |
_aDO-SdBNP _bspa _cBNPHU |
||
| 041 | _hfre | ||
| 082 | 4 |
_222 _bW647 |
|
| 245 | 1 | 0 |
_aMigración forzada: = Migratión forcé: _bdeportaciones por vía terrestre de la República Dominicana hacia la República de Haití= les déportacions par voie terrestre de la République Dominicaine á la République D`Haití. _cCharlotte Wiener; Traductor, Eddy Tejeda |
| 246 | 1 | 0 | _aMigratión forcé: les déportacions par voie terrestre de la République Dominicaine á la République D`Haití. |
| 260 |
_aSanto Domimgo : _bMigration Policy Brief,, _c20019 |
||
| 300 |
_a30 p. : _bil., gráf., mapas ; _c28 cm. |
||
| 505 | 0 | _aAbreviaciones / leyes y políticas claves. | |
| 505 | 0 |
_aIntroducción. _tEl procedimiento de deportación. _tAuditoría, control de gestión y recepción de deportados en Haití. |
|
| 546 | _aFolleto en idiomas invertidos francés, espanol. | ||
| 590 | _aInventariado 2022 / MF | ||
| 651 | 4 |
_92428 _aRepública Dominicana _xMigración |
|
| 700 | 1 |
_952143 _aTejeda, Eddy _erad. |
|
| 710 | 2 |
_972942 _aCentro para la Observación Migratoria y el Desarrollo Social en el Caribe. (República Dominicana) |
|
| 910 | _aMFeliz | ||
| 942 |
_2ddc _cLF2 |
||
| 999 |
_c52105 _d52105 |
||